000 00723 a2200253 4500
502 _aThèse de Doctorat
260 _aWageningen
653 1 _aAgronomie
100 _aWILLEMEN, M. Hendra
041 _bEn
260 _bUniversité de Wageningen
300 _a112 p.
245 _aAggregation behavior of cholic acid derivatives in organic solvents and in water
650 _aCHOLIC ACID
300 _bIll., Couv. ill. ; 24 cm
260 _c08 Octobre 2002
130 _lEn
040 _aSupport
041 _bEn
653 1 _aNutrition et Sciences Alimentaires
100 _uAbomey-Calavi, Université d'Abomey-Calavi, Faculté des Sciences Agronomiques, Bj
020 _a90-5808-714-X
999 _c31831
_d31831